000 00359nam a2200109Ia 4500
008 200302s9999 xx 000 0 und d
100 _aCornel Windin and Rolf Fehlbaum
245 _aProject Vitra.sites, priduycts, authors,museum,collections, sings : chronology glossary.
260 _bBirkhauser Publlisher for Architecture
260 _c2008
300 _a396 P.,
999 _c3960
_d3960